000 00846cam a2200229 4500
001 ABS66912
008 030808n2003 000 0 eng u
035 _a(Sirsi) u123236
100 _aSlessenger, E.
245 _aUnlocking the lease secrets
260 _c2003
490 _aProperty Week
_v68(28) 18 July 2003, 38-39(2)
520 _aFrom October 2003 there will be two changes in the law: leases of seven years or more will be registrable and will become available to the public. Article explains how disclosure will help; how the information can be obtained and how to keep sensitive information private.
590 _aABS
650 _aHM LAND REGISTRY
650 _aLEASES
650 _aDISCLOSURE
650 _aLEASE NEGOTIATIONS
650 _aPREJUDICIAL INFORMATION
690 _aLANDLORD AND TENANT-LEASES
942 _n0
999 _c73188
_d73188